Science for peace and progress: life and work of Abdus Salam (Record no. 5073)
[ view plain ]
| 000 -LEADER | |
|---|---|
| fixed length control field | 00668 a2200217 4500 |
| 003 - CONTROL NUMBER IDENTIFIER | |
| control field | NUST |
| 005 - DATE AND TIME OF LATEST TRANSACTION | |
| control field | 20231018142917.0 |
| 008 - FIXED-LENGTH DATA ELEMENTS--GENERAL INFORMATION | |
| fixed length control field | 231018b ||||| |||| 00| 0 eng d |
| 020 ## - INTERNATIONAL STANDARD BOOK NUMBER | |
| International Standard Book Number | 9780975586051 |
| 038 ## - RECORD CONTENT LICENSOR | |
| Staff Name | A |
| 040 ## - CATALOGING SOURCE | |
| Original cataloging agency | DLC |
| Language of cataloging | DLC |
| 082 ## - DEWEY DECIMAL CLASSIFICATION NUMBER | |
| Classification number | 925.5491 |
| Author Mark | SCI |
| 245 00 - TITLE STATEMENT | |
| Title | Science for peace and progress: life and work of Abdus Salam |
| Remainder of title | life and work of Abdus Salam |
| Statement of responsibility, etc. | Anwar Dil |
| 250 ## - EDITION STATEMENT | |
| Edition statement | 1st ed. |
| 260 ## - PUBLICATION, DISTRIBUTION, ETC. | |
| Place of publication, distribution, etc. | San Diego Ca : |
| Name of publisher, distributor, etc. | Intercultural Forum Takshila Research University, |
| Date of publication, distribution, etc. | 2008. |
| 300 ## - PHYSICAL DESCRIPTION | |
| Extent | 668 p. : |
| Other physical details | ill. ; |
| Dimensions | 25 cm. |
| 563 ## - BINDING INFORMATION | |
| Binding note | HB |
| 700 1# - ADDED ENTRY--PERSONAL NAME | |
| Personal name | Dil, Anwar S. |
| 710 2# - ADDED ENTRY--CORPORATE NAME | |
| Corporate name or jurisdiction name as entry element | Takshila Research University. |
| 9 (RLIN) | 107967 |
| 942 ## - ADDED ENTRY ELEMENTS (KOHA) | |
| Koha item type | Book |
| Call number prefix | 925.5491 SCI |
| Source of classification or shelving scheme | |
| Withdrawn status | Lost status | Source of classification or shelving scheme | Damaged status | Not for loan | Permanent Location | Current Location | Shelving location | Date acquired | Source of acquisition | Cost, normal purchase price | Full call number | Barcode | Date last seen | Price effective from | Koha item type | Total Checkouts | Date last checked out |
|---|---|---|---|---|---|---|---|---|---|---|---|---|---|---|---|---|---|
| Central Library (CL) | Central Library (CL) | General Stacks | 03/24/2009 | Donation | 0.00 | 925.5491 SCI | SEECS009327 | 11/14/2012 | 01/05/2017 | Book | |||||||
| Central Library (CL) | Central Library (CL) | General Stacks | 03/24/2009 | Donation | 0.00 | 925.5491 SCI | SEECS009328 | 04/23/2014 | 01/05/2017 | Book | 1 | 01/26/2014 | |||||
| Central Library (CL) | Central Library (CL) | General Stacks | 06/10/2015 | Donation | 925.5491 SCI | SEECSD01120 | 06/08/2015 | 06/08/2015 | Book |
